000 00520nam a2200193 a 4500
001 1754970810291
003 YourLibrary
005 20250812111417.0
008 250812s1999##################000#0#eng##
020 _a9780748408191
082 0 4 _a006.7
_bCAM
100 1 _aCamara, Antonio S.,
_eauthor.
245 1 0 _aSpatial Multimedia and Virtual Reality :
260 _bCRC Press,
_c1999.
300 _a194 pages
650 0 _aTechnology & Engineering.
942 _cENGLISH
040 _aYourLibrary
_beng
_cYourLibrary
999 _c580839
_d580839